000 00378nam a2200145Ia 4500
008 230917s9999||||xx |||||||||||||| ||und||
040 _e117463
_aMAIN
041 _aEnglish
082 _a615.19 A41T
100 _aAli, Javed
245 0 _aTextbook of biopharmaceutics and pharmacokinetics
260 _aNew Delhi
_bBirla Publications
_c2001
300 _a276 p.
942 _cBK
999 _c108291
_d108291